| 000 | 00561nam a22001937a 4500 | ||
|---|---|---|---|
| 999 |
_c15206 _d15206 |
||
| 003 | OSt | ||
| 082 | _2631.75807 ANI/ES | ||
| 088 | _aP 139 | ||
| 100 |
_aANISH JACOB E _92768 |
||
| 245 | _aEstimation of erosion and runoff | ||
| 260 |
_aTavanur 2003 _bKelappaji College of Agricultural Engineering and Technology |
||
| 300 | _a64 | ||
| 500 | _aEstimation of erosion and runoff | ||
| 520 | _aEstimation of erosion and runoff | ||
| 700 |
_aSaritha S. S _92769 |
||
| 700 |
_aSooraj Kannan P. V _92695 |
||
| 700 |
_aEr. Sathian K. K (Guide) _92770 |
||
| 942 | _cPR | ||